00752nam a2200241 a 450000100060000000300080000600500170001400800410003102000180007203500190009004000350010904100080014408200240015210000230017624500780019925000120027726000820028930000320037150000190040365000200042265000450044270000230048770901BD-RjUL20211209082043.0170422r20102000ii a|||| |||| 001 0 eng d a9780070146228 a(BD-RjUL)71115 aBD-RjULbengcBD-RjULdBD-RjUL aeng 223a519.2bLIS 2010 aLipschutz, Seymour10aSchaum's Outline of Probability /cSeymour Lipschutz and Marc Lars Lipson a2nd ed. aNew Delhi :bTara Mcgraw Hill Education private Ltd.,cc2000 [reprinted 2010] avarious p. :bill. ;c23 cm aIncludes index aProbabilities.  aProbabilitiesvProblems, exercises, etc. aLipson, Marc Lars